CBSE PHYSICS FOR CLASS-XII (Record no. 1128)

MARC details
000 -LEADER
fixed length control field 00378nam a22001577a 4500
005 - DATE AND TIME OF LATEST TRANSACTION
control field 20250521102338.0
008 - FIXED-LENGTH DATA ELEMENTS--GENERAL INFORMATION
fixed length control field 160519b xxu||||| |||| 00| 0 eng d
041 ## - LANGUAGE CODE
Language code of text/sound track or separate title eng
082 ## - DEWEY DECIMAL CLASSIFICATION NUMBER
Item number 3311
100 ## - MAIN ENTRY--AUTHOR NAME
Personal name Ghosh. N.N.
245 ## - TITLE STATEMENT
Title CBSE PHYSICS FOR CLASS-XII
260 ## - PUBLICATION, DISTRIBUTION, ETC. (IMPRINT)
Place of publication Ranchi
Name of publisher Paramaours Printers,
300 ## - PHYSICAL DESCRIPTION
Number of Pages 467
650 ## - SUBJECT ADDED ENTRY--TOPICAL TERM
Topical Term DIPLOMA ENGINEERING
942 ## - ADDED ENTRY ELEMENTS (KOHA)
Koha item type Books
Holdings
Lost status Damaged status Collection code Home library Current library Shelving location Date acquired Cost, normal purchase price Full call number Accession Number Koha item type Source of acquisition
    CS/IT JRU Library   SHELF-56-A 19/05/2016 270.00 3311 3311 Books  
    CS/IT JRU Library JRU Library SHELF-56-A 19/05/2016 270.00 3311 3312 Books  
    CS/IT JRU Library JRU Library SHELF-56-A 19/05/2016 270.00 3311 3313 Books  
    CS/IT JRU Library JRU Library SHELF-56-A 19/05/2016 270.00 530 3314 Books PURCHASE